| Tag |
First Indicator |
Second Indicator |
Subfields |
| LEADER |
00000cam a2200000 i 4500 |
| 001 |
in00000246748 |
| 005 |
20151010051142.0 |
| 008 |
770613s1922 nyucf 00010beng |
| 010 |
|
|
|a 22012986
|
| 035 |
|
|
|a (OCoLC)03036640
|
| 035 |
|
|
|9 ABB4474AM
|
| 040 |
|
|
|a RCM
|c RCM
|d TXA
|d UtOrBLW
|
| 049 |
|
|
|a TXAM
|c [17320]
|
| 050 |
|
0 |
|a S537.N5
|b B5
|
| 100 |
1 |
|
|a Sabsovich, Katharine.
|
| 245 |
1 |
0 |
|a Adventures in idealism :
|b a personal record of the life of Professor Sabsovich /
|c by Katharine Sabsovich.
|
| 264 |
|
3 |
|a New York :
|b Privately printed for the author [Stratford press, inc.],
|c 1922.
|
| 300 |
|
|
|a 3 pages ., v-vi pages, 1 ., vii-viii, 208 pages :
|b frontispiece, plates, portraits ;
|c 21 cm.
|
| 336 |
|
|
|a text
|b txt
|2 rdacontent
|
| 337 |
|
|
|a unmediated
|b n
|2 rdamedia
|
| 338 |
|
|
|a volume
|b nc
|2 rdacarrier
|
| 500 |
|
|
|a "From those who knew him best": pages [155]-208.
|
| 600 |
1 |
0 |
|a Sabsovich, Katharine.
|
| 600 |
1 |
0 |
|a Sabsovich, Hirsch Leib,
|d 1860-1915.
|
| 610 |
2 |
0 |
|a Baron de Hirsch Agricultural and Industrial School (Woodbine, N.J.)
|
| 999 |
|
|
|a MARS
|
| 999 |
f |
f |
|s b4786d16-8477-32fd-be15-7e7654d54c44
|i 290b0ede-43e8-3c5d-aee4-617383b0cf92
|t 0
|
| 952 |
f |
f |
|p ric
|a Texas A&M University
|b Rellis Campus
|c Joint Library Facility
|d Remote Storage
|t 0
|e S537.N5 B5
|h Library of Congress classification
|i unmediated -- volume
|m A14805178902
|
| 998 |
f |
f |
|a S537.N5 B5
|t 0
|l Remote Storage
|